Movies Quiz

Random Movies or Clickable Quiz

McConaughey Movie Quotes Quiz Stats

 Plays Quiz not verified by Sporcle

Score 0/13 Timer 02:30
0 Plays Today
% Correct
Dallas Buyers Club (2013)
85.5%
A Time to Kill (1996)
81.4%
U-571 (2000)
80.8%
Dazed and Confused (1993)
79.6%
The Wolf of Wall Street (2013)
78.6%
Interstellar (2014)
75.4%
Magic Mike (2012)
69.9%
Contact (1997)
69.9%
Amistad (1997)
65.6%
Reign of Fire (2002)
62.8%
Kubo and the Two Strings (2016)*
60.8%
Free State of Jones (2016)
57.4%
The Dark Tower (2017)
47.6%

You're not logged in!

Compare scores with friends on all Sporcle quizzes.
OR
Log In

Sporcle TV

Today on Sporcle TV


Watch our educational content, quiz creation guides, and fun videos on Sporcle TV.

Show Comments

Extras

Top Quizzes Today


Score Distribution

Your Account Isn't Verified!

In order to create a playlist on Sporcle, you need to verify the email address you used during registration. Go to your Sporcle Settings to finish the process.

Report this User

Report this user for behavior that violates our Community Guidelines.

Details: